| 000 | 00747nam0a22002531 4500 | ||
|---|---|---|---|
| 001 | rc\4474230 | ||
| 005 | 20250611182616.0 | ||
| 021 |
_aRU _bРг3438-61 |
||
| 035 | _a(NLR Aleph) 008331377 | ||
| 090 |
_a8819308 _c8819308 |
||
| 100 | _a20130416d1958 |||y0rusy50 ca | ||
| 101 | 0 | _arus | |
| 102 | _aRU | ||
| 105 | _aa z ||||| | ||
| 200 | 1 |
_aРеконструкция сварочного аппарата МТМ-50 _fСвердл. совнархоз |
|
| 210 |
_aСвердловск _cБ. и. _d[1958] |
||
| 215 |
_a[4] с. _cчерт. _d20 |
||
| 225 | 1 | _aЛисток новатора | |
| 700 | 1 |
_aКриммер _bИ.Г. |
|
| 801 | 0 |
_aRU _bNLR _gpsbo |
|
| 801 | 1 |
_aRU _bELAR _2rusmarc |
|
| 852 |
_aNLR _j60-4/15950-2 |
||
| 942 | _cBOOK | ||
| 980 | _aNB | ||